Finde den Imposter 4 - Statistiken

Allgemein
  • Dieses Quiz wurde 121 mal gespielt
  • Das Durchschnittsergebnis liegt bei 41 aus 60
Antwortstatistiken
Frage Kachel Select % Korrekt
Tier mit Flecken Leopard Nein
96%
Tier mit Flecken Gepard Nein
94%
Tier mit Flecken Tüpfelhyäne Nein
94%
Song von AC/DC Highway to Hell Nein
88%
Song von AC/DC Thunderstruck Nein
88%
Parfüm CHANEL N°5 Nein
87%
Parfüm La Nuit de L'Homme Nein
87%
Parfüm La Vie Est Belle Soleil Cristal Nein
87%
Parfüm Black Opium Nein
85%
Teil von The Legend of Zelda Breath of the Wild Nein
84%
Song von AC/DC Hells Bells Nein
84%
Teil von The Legend of Zelda Ocarina of Time Nein
84%
Teil von The Legend of Zelda A Link to the Past Nein
82%
Teil von The Legend of Zelda Majora’s Mask Nein
82%
Edelgas Neon Nein
82%
Straße im Monopoly (Deutsche Grundversion) Schlossallee Nein
82%
Edelgas Xenon Nein
82%
Edelgas Helium Nein
81%
Straße im Monopoly (Deutsche Grundversion) Opernplatz Nein
80%
Edelgas Radon Nein
80%
Native American / First Nation Schauspielerin Amber Midthunder Nein
78%
Buchtitel von Terry Pratchett Fliegende Fetzen Nein
78%
Achttausender Mount Everest Nein
78%
Straße im Monopoly (Deutsche Grundversion) Badstraße Nein
77%
Buchtitel von Terry Pratchett Alles Sense Nein
76%
Tier mit Flecken Axishirsch Nein
76%
Achttausender K2 Nein
76%
Native American / First Nation Schauspielerin Lily Gladstone Nein
75%
Song von AC/DC Back In Black Nein
74%
Native American / First Nation Schauspielerin Kiawentiio Tarbell Nein
74%
Achttausender Nanga Parbat Nein
74%
Straße im Monopoly (Deutsche Grundversion) Seestraße Nein
72%
Station der London Underground Snaresbrook Nein
72%
Buchtitel von Terry Pratchett Wachen! Wachen! Nein
72%
Song von AC/DC Dirty Deeds Done Dirt Cheap Nein
71%
Native American / First Nation Schauspielerin Kaniehtiio Horn Nein
71%
Station der London Underground Paddington Nein
71%
Buchtitel von Terry Pratchett Helle Barden Nein
70%
Achttausender Annapurna Nein
66%
Straße im Monopoly (Deutsche Grundversion) Berliner Straße Nein
66%
Station der London Underground Cockfosters Nein
66%
Station der London Underground Elephant & Castle Nein
64%
Buchtitel von Terry Pratchett Klonk! Nein
64%
Edelgas Krypton Nein
64%
Tier mit Flecken Beutelmarder Nein
62%
Parfüm Fahrenheit Nein
60%
Achttausender Lhotse Nein
59%
Station der London Underground Seven Sisters Nein
56%
Edelgas Aragorn Ja
55%
Teil von The Legend of Zelda Phantom Hourglass Nein
54%
Parfüm Chakalaka Ja
53%
Straße im Monopoly (Deutsche Grundversion) Elisabethstraße Ja
49%
Song von AC/DC Hair of the Dog Ja
46%
Native American / First Nation Schauspielerin Megan Fox Nein
39%
Tier mit Flecken Zebramanguste Ja
38%
Buchtitel von Terry Pratchett Der lange dunkle Fünfuhrtee der Seele Ja
34%
Achttausender Prypjat Ja
31%
Teil von The Legend of Zelda Tears of the King Ja
30%
Native American / First Nation Schauspielerin Alexandria Ocasio-Cortez Ja
17%
Station der London Underground Crowley Ja
10%
Keine übereinstimmenden Quizze gefunden
Verteilung der Resultate
Anzahl Personen mit jedem Resultat
Perzentil nach korrekt beantworteten Fragen
Ihre Resultats-Entwicklung
Sie haben dieses Quiz noch nicht gespielt